000 00398cam a2200169 4500
001 D12052
008 090401t1941 xxu||||| |||| 00| 0 eng d
035 _a(Sirsi) u965
041 _aeng
100 _aBagley, James W
245 _aAerophotography and aerosurveying
260 _aNew York/London
_bMcGraw-Hill
_c1941
350 _a0
520 _aShelf 176
942 _n0
948 _c04/03/1997
999 _c85606
_d85606